Made in England : The Films of Powell and Pressburger /

Shranjeno v:
Bibliografske podrobnosti
Glavni avtor: Hinton, David (realización)
Drugi avtorji: Killeen, Ronan (fotógrafo) (fotógrafo), Cartaxo, Margarida (montaje) (montaje), Davidson, Stuart (montaje) (montaje), Johnston, Adrian (música) (música), Scorsese, Martin (conducción) (conducción)
Format: Slide
Jezik:angleščina
Izdano: Inglaterra : Ten Thousand 86 : Ice Cream Films : BBC Film, 2024, c2024
Serija:(Cohen Film Collection. Contemporary Classics)
Teme:
Oznake: Označite
Brez oznak, prvi označite!

MARC

LEADER 00000ngm^a2200000^a^4500
001 000618418
005 20250812000000.0
009 20260310133759.338
037 |a Acervo ITESO - Biblioteca 
041 |a ING 
082 |a 302. 2350942  |b HIN 
100 |a Hinton, David  |e (realización) 
240 1 1 |a [Hecho en Inglaterra: Las películas de Powell y Pressburger] 
245 1 0 |a Made in England :  |b The Films of Powell and Pressburger /  |c Realización de D. Hinton ; conducción de M. Scorsese. 
246 2 |a Título en México: Hecho en Inglaterra: Las películas de Powell y Pressburger 
264 4 |a Inglaterra :  |b Ten Thousand 86 :  |b Ice Cream Films :  |b BBC Film,  |c 2024, c2024 
264 2 |a Nueva York, EUA :  |b Entertainment One [distribución],  |c 2024, c2024 
300 |a 1 blu-ray región A (133 min.) :  |b color 
336 |a imagen móvil bidimensional  |b tdi  |2 rdacontenido 
337 |a video  |b v  |2 rdamedio 
338 |a videodisco  |b vd  |2 rdasoporte 
440 1 |a (Cohen Film Collection.  |p Contemporary Classics) 
546 |a En inglés, con subtítulos opcionales: inglés 
649 |a XX 
650 |a Cineastas Ingleses 
650 |a Cineastas Húngaros 
650 |a Documentales 
650 |a Cine Inglés -  |y 1940-1949 
650 |a Cine Inglés -  |y 1950-1959 
650 |a Cine Inglés -  |y 2020-2029 
650 |a Cine Inglés -  |y Siglo XX 
650 |a Cine Inglés -  |y Siglo XXI 
650 |a Cine Inglés -  |x Historia y Crítica -  |x Tema Principal 
650 |a Powell, Michael -  |x Tema Principal 
650 |a Pressburger, Emeric -  |x Tema Principal 
650 |a Scorsese, Martin 
700 |a Killeen, Ronan  |e (fotógrafo) 
700 |a Cartaxo, Margarida  |e (montaje) 
700 |a Davidson, Stuart  |e (montaje) 
700 |a Johnston, Adrian  |e (música) 
700 |a Scorsese, Martin  |e (conducción) 
910 |a Fondo General 
920 |a Audiovisuales - Blu-rays 
940 |a Películas 
905 |a 303 
901 |a 618418-10  |b IT2  |c BRS  |i C190256  |u 20250812 
902 |a https://opac.biblio.iteso.mx/vufind/Record/000618418